[Event "Niedersachsen-ch U16"]
[Site "Hambuehren"]
[Date "2002.??.??"]
[Round "6"]
[White "Seeger, Franziska"]
[Black "Peters, Stefan"]
[Result "0-1"]
[WhiteElo "1532"]
[BlackElo "1705"]
[PlyCount "62"]
[EventDate "2002.03.??"]
[EventType "swiss"]
[EventRounds "7"]
[EventCountry "GER"]
[SourceTitle "EXT 2003"]
[Source "ChessBase"]
[SourceDate "2002.11.25"]
[SourceVersion "1"]
[SourceVersionDate "2002.11.25"]
[SourceQuality "1"]

1. e4 c5 2. Nf3 d6 3. d4 cxd4 4. Nxd4 Nf6 5. Nc3 a6 6. Be2 e6 7. Be3 Be7 8. 0-0 Qc7 9. f4 0-0 10. Qe1 b5 11. a3 Bb7 12. Bd3 Nbd7 13. Qg3 Nc5 14. e5 Nfe4 15. Nxe4 Nxe4 16. Bxe4 Bxe4 17. f5 Bxf5 18. Nxf5 exf5 19. Bh6 Qc5+ 20. Kh1 Qxe5 21. Bf4 Qxb2 22. Rae1 Bf6 23. Bxd6 Rfe8 24. Qf3 Qc3 25. Rxe8+ Rxe8 26. Qxf5 Qc6 27. Bb4 Qe4 28. Qd7 h6 29. h3 Rd8 30. Qc7 Qc4 31. Qb6 Qxf1+ 0-1

[Event "GER-ch U16 Girls"]
[Site "Winterberg"]
[Date "2002.??.??"]
[Round "2"]
[White "Seeger, Franziska"]
[Black "Woelfer, Wiebke"]
[Result "0-1"]
[WhiteElo "1701"]
[BlackElo "1629"]
[PlyCount "82"]
[EventDate "2002.05.19"]
[EventType "swiss"]
[EventRounds "8"]
[EventCountry "GER"]
[SourceTitle "CBM 088 Extra"]
[Source "ChessBase"]
[SourceDate "2002.07.01"]
[SourceVersion "2"]
[SourceVersionDate "2002.07.01"]
[SourceQuality "1"]

1. e4 c6 2. d4 d5 3. Nc3 dxe4 4. Nxe4 Bf5 5. Ng3 Bg6 6. h4 h5 7. Nf3 Nd7 8. Bd3 Bxd3 9. Qxd3 Ngf6 10. c4 e6 11. 0-0 Bd6 12. Ne4 Nxe4 13. Qxe4 Nf6 14. Qd3 0-0 15. Bg5 Be7 16. Rad1 Nh7 17. Bxe7 Qxe7 18. Rfe1 Rad8 19. a3 Nf6 20. Ng5 g6 21. Qf3 Nh7 22. Nxh7 Kxh7 23. Qe4 Qf6 24. b4 Rd7 25. d5 Rfd8 26. d6 Rxd6 27. Rxd6 Rxd6 28. g3 Kg7 29. Kg2 Qd4 30. Qe2 Qc3 31. Qe5+ Qxe5 32. Rxe5 Rd3 33. Re3 Rxe3 34. fxe3 Kf6 35. Kf3 Ke5 36. a4 a6 37. a5 f6 38. Ke2 Ke4 39. Kd2 Kf3 40. Kd3 Kxg3 41. Kd4 Kxh4 0-1

[Event "BL2 Sued 0102 (Women)"]
[Site "Germany"]
[Date "2001.12.02"]
[Round "4.6"]
[White "Schoerghuber, Barbara"]
[Black "Seeger, Franziska"]
[Result "0-1"]
[WhiteElo "1474"]
[BlackElo "1425"]
[PlyCount "86"]
[EventDate "2001.10.27"]
[EventType "team-tourn"]
[EventRounds "7"]
[EventCountry "GER"]
[SourceTitle "EXT 2003"]
[Source "ChessBase"]
[SourceDate "2002.11.25"]
[SourceVersion "1"]
[SourceVersionDate "2002.11.25"]
[SourceQuality "1"]
[WhiteTeam "Eikamp"]
[BlackTeam "Oesede Georgsmarienhuette"]
[WhiteTeamCountry "GER"]
[BlackTeamCountry "GER"]

1. d4 d5 2. e3 Nf6 3. Bd3 e6 4. Nd2 Be7 5. f4 Nbd7 6. Ngf3 b6 7. 0-0 c5 8. c3 Bb7 9. Ne5 c4 10. Bc2 b5 11. Qf3 b4 12. Qg3 0-0 13. Qf3 h5 14. Ndxc4 Ba6 15. Nxd7 Nxd7 16. Qxh5 Nf6 17. Qf3 Bxc4 18. Rf2 Qa5 19. Bd2 bxc3 20. bxc3 Rab8 21. e4 dxe4 22. Bxe4 Nxe4 23. Qxe4 Rb2 24. a4 Rfb8 25. f5 Bf6 26. fxe6 Bxe6 27. Qf4 Rb1+ 28. Rf1 Rxf1+ 29. Rxf1 Rb2 30. Rc1 Qxa4 31. Be3 Qa2 32. Qg3 Bd5 33. Bf2 Rd2 34. Re1 Be6 35. Qf3 Qd5 36. Qf4 Bg5 37. Qg3 Bf6 38. Be3 Rd3 39. Rc1 Qe4 40. Re1 Bh4 41. Qb8+ Kh7 42. Bf2 Bxf2+ 43. Kxf2 Rd2+ 0-1

[Event "GER-chT Landesliga (Women)"]
[Site "Greifswald"]
[Date "2001.08.03"]
[Round "7.3"]
[White "Wolowski, Laura"]
[Black "Seeger, Franziska"]
[Result "0-1"]
[WhiteElo "1512"]
[BlackElo "1481"]
[PlyCount "60"]
[EventDate "2001.07.29"]
[EventType "team"]
[EventRounds "7"]
[EventCountry "GER"]
[SourceTitle "EXT 2003"]
[Source "ChessBase"]
[SourceDate "2002.11.25"]
[SourceVersion "1"]
[SourceVersionDate "2002.11.25"]
[SourceQuality "1"]

1. e4 e5 2. Nf3 Nc6 3. Bc4 Nf6 4. d3 d5 5. exd5 Nxd5 6. Nc3 Nb6 7. Bb5 Bd6 8. Bxc6+ bxc6 9. h3 0-0 10. 0-0 f5 11. Re1 Qf6 12. Nh2 Nd5 13. Qf3 Be6 14. Qh5 Bf7 15. Qg5 Qe6 16. Nf3 h6 17. Qd2 Qf6 18. Qe2 Rae8 19. Bd2 Bh5 20. Qf1 Bxf3 21. gxf3 Re6 22. Kh1 Qh4 23. Ne2 g5 24. Kg1 Ref6 25. Ng3 g4 26. hxg4 fxg4 27. fxg4 e4 28. Qg2 Rxf2 29. Qxf2 Rxf2 30. Kxf2 Bxg3+ 0-1

[Event "Niedersachsen-chT U16"]
[Site "Verden"]
[Date "2001.05.25"]
[Round "3.2"]
[White "Seeger, Franziska"]
[Black "Opaska, Ines"]
[Result "1-0"]
[WhiteElo "1555"]
[BlackElo "1204"]
[PlyCount "125"]
[EventDate "2001.05.??"]
[EventType "team"]
[EventRounds "7"]
[EventCountry "GER"]
[SourceTitle "EXT 2003"]
[Source "ChessBase"]
[SourceDate "2002.11.25"]
[SourceVersion "1"]
[SourceVersionDate "2002.11.25"]
[SourceQuality "1"]

1. e4 d5 2. exd5 Qxd5 3. Nc3 Qa5 4. d4 Nf6 5. Bd2 Qb6 6. Nge2 Qxb2 7. Rb1 Qa3 8. Nb5 Qxa2 9. Nxc7+ Kd8 10. Nxa8 Nc6 11. Bf4 Nd5 12. Bg3 e6 13. c3 Ncb4 14. cxb4 Bxb4+ 15. Rxb4 Nxb4 16. Qd2 Qb1+ 17. Nc1 Nc2+ 18. Kd1 Nb4 19. Bd3 Nxd3 20. Qxd3 Qxd3+ 21. Nxd3 Bd7 22. Nc7 Ke7 23. d5 Ba4+ 24. Kd2 exd5 25. Nxd5+ Ke6 26. Nc5+ Kxd5 27. Nxa4 Kc4 28. Rc1+ Kb4 29. Nc5 Rd8+ 30. Ke2 b6 31. Nd3+ Kb3 32. Rc7 Ra8 33. Rxf7 a5 34. Rb7 Ra6 35. Bc7 b5 36. Rxb5+ Kc4 37. Rxa5 Re6+ 38. Kd2 Re7 39. Rc5+ Kb3 40. Rc3+ Ka4 41. Be5 Rf7 42. Rc7 Rxc7 43. Bxc7 Kb5 44. Be5 g6 45. Ke3 Kc6 46. Kf4 Kd7 47. Kg5 Ke6 48. Kh6 Kf5 49. Kxh7 Ke4 50. Kxg6 Kxd3 51. h4 Ke2 52. h5 Kd3 53. h6 Ke2 54. h7 Kxf2 55. h8Q Kxg2 56. Qh2+ Kf3 57. Qf4+ Ke2 58. Bc3 Kd3 59. Qd4+ Kc2 60. Qc4 Kd1 61. Qd3+ Kc1 62. Qd2+ Kb1 63. Qb2# 1-0

[Event "Niedersachsen-ch U14 Girls"]
[Site "Rotenburg"]
[Date "2001.04.??"]
[Round "1"]
[White "Seeger, Franziska"]
[Black "Hoffrogge, Sarah"]
[Result "1-0"]
[WhiteElo "1573"]
[BlackElo "1116"]
[PlyCount "59"]
[EventDate "2001.04.??"]
[EventType "swiss"]
[EventRounds "7"]
[EventCountry "GER"]
[SourceTitle "EXT 2003"]
[Source "ChessBase"]
[SourceDate "2002.11.25"]
[SourceVersion "1"]
[SourceVersionDate "2002.11.25"]
[SourceQuality "1"]

1. e4 g6 2. d4 d6 3. f4 Nf6 4. Nc3 b6 5. Nf3 Bb7 6. Bd3 Bg7 7. 0-0 e6 8. Qe1 0-0 9. Qg3 d5 10. e5 Ne4 11. Qh3 f6 12. Qxe6+ Rf7 13. exf6 Qxf6 14. Qxf6 Rxf6 15. Ne5 Nc6 16. Nxd5 Rd6 17. Nxc6 Bxc6 18. Ne7+ Kh8 19. Nxc6 Nf6 20. Ne5 Rxd4 21. Be3 Rd5 22. Bc4 Ra5 23. Rad1 Ne4 24. Nf7+ Kg8 25. Ng5+ Kh8 26. Nxe4 Bxb2 27. Rd4 Ba3 28. Rd7 Bf8 29. Bd4+ Bg7 30. Bxg7# 1-0